00642nam a2200181 u 45000010006000000050017000060080041000230350010000640350021000740400013000950410008001080820008001161100055001242450173001792600043003523000018003956500047004135711920260504071637.0960313s1960 spa  a57119 a(OCoLC)778161787 ccomduadb aspa 4a35220aMunicipios Asociados del Valle de Aburra4auteaut10aProyecto de acuerdo por medio del cual se autoriza a los senores alcalde y personero municipales para constituir la asociacion, municipios asociados del Valle de Aburra aMedellín :b[sin publicador],c1960. a17, 5H. MIMEO aMunicipios asociados del Valle de Aburrá